Nachbarländer Deutschlands - Statistiken

Allgemein
  • Dieses Quiz wurde 92 mal gespielt
  • Das Durchschnittsergebnis liegt bei 8 aus 9
Answers on the Grid
Answers color-coded by a green-red scale on the quiz's grid according to % correct below.
Italien
Schweiz
Frankreich
Bulgarien
Russland
Japan
Dänemark
Österreich
Niederlande
Liechtenstein
Spanien
Albanien
Belgien
Litauen
Kolumbien
China
Polen
Monaco
Montenegro
Schweden
Belarus
Luxemburg
Australien
Kanada
Slowenien
Portugal
Mexiko
Simbabwe
Algerien
Tschechien
 
Antwortstatistiken
Antwort % Korrekt
Niederlande
92%
Schweiz
92%
Frankreich
90%
Dänemark
87%
Österreich
87%
Polen
87%
Luxemburg
83%
Belgien
81%
Tschechien
79%
Keine übereinstimmenden Quizze gefunden
Verteilung der Resultate
Anzahl Personen mit jedem Resultat
Perzentil nach korrekt beantworteten Fragen
Ihre Resultats-Entwicklung
Sie haben dieses Quiz noch nicht gespielt